00711 2200265 4500001002100000005001700021008004100038020001800079035002400097082001300121090002300134100002100157245007700178250001100255260003800266300002300304500001100327650002300338700001800361850001500379980001500394985000600409999001500415999001500430YOGYA-0209000002276020090227023714.0 ind  a0-471-08121-3 0010-020900000022760 a330.0151 a330.0151bGul BlQ aGULEZIAN, Ronald aBusiness mathematics for college studentscRonald Gulezian, Henry Tirgey aCet. 1 aNew YorkbJohn Wiley & Sonsc1983 axv, 463 hlmc28 cm aIndeks aMatematika ekonomi aTingey, Henry aYOPDYOG(B) a01-28-2007 a2 a06A0021797 a06A0021798